Toutes les communes traversées / bordées par la Seine - Statistiques

Statistiques générales
  • Ce quiz a été pris 105 fois
  • Le résultat moyen est 57 sur 346
Statistiques - réponses
Département Réponse % Correct
Paris Paris
92%
Le Havre
82%
Rouen
82%
Neuilly-sur-Seine
71%
Hauts-de-Seine Boulogne-Billancourt
67%
Nanterre
64%
Troyes
64%
Saint-Denis
62%
Val-d'Oise Argenteuil
61%
Issy-les-Moulineaux
61%
Évry-Courcouronnes
58%
Ivry-sur-Seine
58%
Levallois-Perret
58%
Vitry-sur-Seine
58%
Melun
56%
Seine-Saint-Denis Saint-Ouen-sur-Seine
55%
Mantes-la-Jolie
53%
Asnières-sur-Seine
52%
Clichy
52%
Hauts-de-Seine Colombes
52%
Calvados Honfleur
50%
Poissy
50%
Nogent-sur-Seine
48%
Courbevoie
47%
Le Grand-Quevilly
47%
Sèvres
47%
Alfortville
45%
Gennevilliers
45%
Puteaux
45%
Hauts-de-Seine Rueil-Malmaison
45%
Vernon
45%
Suresnes
44%
Saint-Cloud
42%
Sotteville-lès-Rouen
42%
Épinay-sur-Seine
41%
Les Mureaux
41%
Charenton-le-Pont
39%
Calvados Ablon
38%
Choisy-le-Roi
38%
Elbeuf
38%
Orly
38%
Saint-Étienne-du-Rouvray
38%
Chatou
36%
Les Andelys
36%
L'Île-Saint-Denis
36%
Meudon
36%
Yvelines Conflans-Sainte-Honorine
35%
Montereau-Fault-Yonne
35%
Sartrouville
35%
Athis-Mons
33%
Corbeil-Essonnes
33%
Mantes-la-Ville
33%
Ris-Orangis
33%
Grigny
32%
Bezons
30%
Le Pecq
30%
Villeneuve-la-Garenne
30%
Châtillon-sur-Seine
29%
Draveil
29%
Maisons-Laffitte
29%
Romilly-sur-Seine
29%
Villeneuve-Saint-Georges
29%
Achères
27%
Aubergenville
27%
Yvelines Carrières-sur-Seine
27%
Juvisy-sur-Orge
27%
Le Mée-sur-Seine
27%
Rosny-sur-Seine
27%
Tancarville
27%
Val-de-Reuil
27%
Viry-Châtillon
27%
Val-de-Marne Ablon-sur-Seine
26%
Bar-sur-Seine
26%
Croissy
26%
Porcheville
26%
Verneuil-sur-Seine
26%
Vigneux-sur-Seine
26%
Villeneuve-le-Roi
26%
Canteleu
24%
Carrières-sous-Poissy
24%
Gargenville
24%
Seine-Maritime Gonfreville-l'Orcher
24%
Grand-Couronne
24%
Herblay-sur-Seine
24%
Issou
24%
La Frette-sur-Seine
24%
Limay
24%
Petit-Couronne
24%
Bois-le-Roi
23%
Bonnières-sur-Seine
23%
Eure Giverny
23%
Louveciennes
23%
Oissel
23%
Saint-Fargeau-Ponthierry
23%
Triel-sur-Seine
23%
Andrésy
21%
Yvelines Bougival
21%
Val-d'Oise Cormeilles-en-Parisis
21%
Dammarie-les-Lys
21%
Épône
21%
Le Port-Marly
21%
Mézières-sur-Seine
21%
Avon
20%
Champagne-sur-Seine
20%
Hardricourt
20%
Seine-Port
20%
Soisy-sur-Seine
20%
Vaux-sur-Seine
20%
Caudebec-lès-Elbeuf
18%
Étiolles
18%
Seine-Maritime Jumièges
18%
La Roche-Guyon
18%
Morsang-sur-Seine
18%
Villennes-sur-Seine
18%
Boissise-le-Roi
17%
Bray-sur-Seine
17%
Duclair
17%
Flins-sur-Seine
17%
Meulan-en-Yvelines
17%
Montesson
17%
Vulaines-sur-Seine
17%
Bonsecours
15%
Chartrettes
15%
Juziers
15%
Essonne Le Coudray-Montceaux
15%
Mézy-sur-Seine
15%
Saint-Aubin-lès-Elbeuf
15%
Saint-Pierre-lès-Elbeuf
15%
Côte-d'Or Source-Seine
15%
Vaux-le-Pénil
15%
Gaillon
14%
Livry-sur-Seine
14%
Moret-Loing-et-Orvanne
14%
Seine-Maritime Port-Jérôme-sur-Seine
14%
Eure Quillebeuf-sur-Seine
14%
Saint-Mammès
14%
Samoreau
14%
Thomery
14%
Tourville-la-Rivière
14%
Amfreville-la-Mi-Voie
12%
Fontaine-le-Port
12%
Yvelines Freneuse
12%
La Bouille
12%
La Grande-Paroisse
12%
Le Mesnil-le-Roi
12%
Lillebonne
12%
Limetz-Villez
12%
Médan
12%
Saintry-sur-Seine
12%
Cleon
11%
Guerville
11%
Héricy
11%
La Rivière-Saint-Sauveur
11%
Nandy
11%
Pont-de-l'Arche
11%
Saint-Germain-lès-Corbeil
11%
Saint-Marcel
11%
Seine-Maritime Sandouville
11%
Belbeuf
9%
Eure Berville-sur-Mer
9%
La Rochette
9%
Le Mesnil-sous-Jumièges
9%
Le Trait
9%
Méry-sur-Seine
9%
Moulineaux
9%
Pont-sur-Seine
9%
Quevillon
9%
Rives-en-Seine
9%
Rogerville
9%
Saint-Julien-les-Villas
9%
Samois-sur-Seine
9%
Varennes-sur-Seine
9%
Val-d'Oise Vétheuil
9%
Seine-et-Marne Villiers-sur-Seine
9%
Anneville-Ambourville
8%
Barberey-Saint-Sulpice
8%
Bardouville
8%
Bazoches-lès-Bray
8%
Bennecourt
8%
Berville-sur-Seine
8%
Boissettes
8%
Boissise-la-Bertrand
8%
Conflans-sur-Seine
8%
Gommecourt
8%
Gouy
8%
Haute-Isle
8%
Hautot-sur-Seine
8%
Hénouville
8%
Seine-Maritime La Cerlangue
8%
Le Mériot
8%
Eure Marais-Vernier
8%
Marnay-sur-Seine
8%
Méricourt
8%
Moisson
8%
Mousseaux-sur-Seine
8%
Mouy-sur-Seine
8%
Notre-Dame-de-la-Mer
8%
Orival
8%
Seine-Maritime Oudalle
8%
Poses
8%
Sahurs
8%
Marne Saint-Just-Sauvage
8%
Saint-Martin-de-Boscherville
8%
Seine-Maritime Saint-Vigor-d'Ymonville
8%
Val-de-la-Haye
8%
Verrières
8%
Yainville
8%
Yville-sur-Seine
8%
Eure Aizier
6%
Arelaune-en-Seine
6%
Bourguignons
6%
Bréviandes
6%
Eure Caumont
6%
Chappes
6%
Châtenay-sur-Seine
6%
Courcelles-sur-Seine
6%
Criquebeuf-sur-Seine
6%
Fatouville-Grestain
6%
Follainville-Dennemont
6%
Grisy-sur-Seine
6%
Guernes
6%
Gyé-sur-Seine
6%
Heurteauville
6%
La Chapelle-Saint-Luc
6%
La Motte-Tilly
6%
La Tombe
6%
Le Landin
6%
Le Manoir
6%
Les Trois Lacs
6%
Le Val-d'Hazey
6%
Marcilly-sur-Seine
6%
Marolles-sur-Seine
6%
Mauny
6%
Mousseaux-lès-Bray
6%
Aube Mussy-sur-Seine
6%
Norville
6%
Notre-Dame-de-l'Isle
6%
Payns
6%
Pitres
6%
Port-Mort
6%
Rolleboise
6%
Saint-Aubin-sur-Quillebeuf
6%
Saint-Germain-Laval
6%
Saint-Martin-la-Garenne
6%
Saint-Mesmin
6%
Saint-Oulph
6%
Saint-Pierre-la-Garenne
6%
Eure Saint-Samson-de-la-Roque
6%
Savières
6%
Seine-Maritime Sotteville-Sous-le-Val
6%
Vatteville
6%
Vernou-la-Celle-sur-Seine
6%
Alizay
5%
Andé
5%
Balloy
5%
Eure Barneville-sur-Seine
5%
Bouafles
5%
Buchères
5%
Chauchigny
5%
Clérey
5%
Connelles
5%
Aube Courceroy
5%
Courteron
5%
Aube Crancey
5%
Droupt-Sainte-Marie
5%
Esclavolles-Lurey
5%
Fiquefleur-Équainville
5%
Fouchères
5%
Gomméville
5%
Herqueville
5%
Heudebouville
5%
Igoville
5%
Jaulnes
5%
La Chapelle-Longueville
5%
La Roquette
5%
Lavau
5%
Les Authieux-sur-le-Port-Saint-Ouen
5%
Le Thuit
5%
Aube Maizières-la-Grande-Paroisse
5%
Martot
5%
Muids
5%
Nod-sur-Seine
5%
Noyen-sur-Seine
5%
Seine-Maritime Petiville
5%
Polisot
5%
Polisy
5%
Pressagny-l'Orgueilleux
5%
Rilly-Sainte-Syre
5%
Sainte-Maure
5%
Seine-Maritime Saint-Jean-de-Folleville
5%
Saint-Lyé
5%
Saint-Marc-sur-Seine
5%
Seine-Maritime Saint-Pierre-de-Manneville
5%
Saint-Sauveur-lès-Bray
5%
Eure Trouville-la-Haule
5%
Vallant-Saint-Georges
5%
Vatteville-la-Rue
5%
Veneux-les-Sablons
5%
Villemoyenne
5%
Villenauxe-la-Petite
5%
Villers-sur-le-Roule
5%
Virey-sous-Bar
5%
Vironvay
5%
Amfreville-sous-les-Monts
3%
Ampilly-le-Sec
3%
Baigneux-les-Juifs
3%
Billy-lès-Chanceaux
3%
Chanceaux
3%
Marne Clesles
3%
Courtenot
3%
Gravon
3%
Les Damps
3%
Seine-et-Marne Melz-sur-Seine
3%
Merrey-sur-Arce
3%
Neuville-sur-Seine
3%
Orret
3%
Périgny-la-Rose
3%
Plaines-Saint-Lange
3%
Quemigny-sur-Seine
3%
Saint-Maurice-d'Ételan
3%
Saint-Parres-lès-Vaudes
3%
Saint-Pierre-de-Varengeville
3%
Saint-Pierre-du-Vauvray
3%
Vieux-Port
3%
Villers-Patras
3%
Vimpelles
3%
Vix
3%
Aisey-sur-Seine
2%
Bellenod-sur-Seine
2%
Brémur-et-Vaurois
2%
Buncey
2%
Buxeuil
2%
Chamesson
2%
Charrey-sur-Seine
2%
Duesme
2%
Étrochey
2%
Montliot-et-Courcelles
2%
Noiron-sur-Seine
2%
Notre-Dame-de-Bliquetuit
2%
Oigny
2%
Poiseul-la-Ville-et-Laperrière
2%
Porte-de-Seine
2%
Pothières
2%
Sainte-Colombe-sur-Seine
2%
Vézillon
2%
Aucun quiz correspondant
Distribution des résultats
% des personnes avec chaque résultat
Percentile par nombre de réponses
Votre historique - résultats
Vous n’avez pas pris ce quiz